000 00555nam a2200217Ia 4500
005 20241129115713.0
008 241129s9999||||xx |||||||||||||| ||und||
020 _a9789355180001
037 _aTB
040 _aSDCL
_beng
_cSDCL
041 _ahin
_2hin
084 _aO152,3MG R2 LR
_qSDCL
100 _aMathur Gopal
_9728128
245 0 _aDhalti sham ke lambe saye
260 _aDelhi
_bVani
_c2022
300 _a9,239p
365 _aINR
_b499
650 _aHindi
942 _cTB
_hO152,3MG R2 LR
999 _c1231639
_d1231639